Vector analysis with applications (Record no. 5838)

000 -LEADER
fixed length control field 00528nam a22002051 4500
001 - CONTROL NUMBER
control field 5838
003 - CONTROL NUMBER IDENTIFIER
control field BD-DhUET
008 - FIXED-LENGTH DATA ELEMENTS--GENERAL INFORMATION
fixed length control field 861017s1932 enka 000 0 eng c
020 ## - INTERNATIONAL STANDARD BOOK NUMBER
International Standard Book Number 8122405487
040 ## - CATALOGING SOURCE
Original cataloging agency DLC/ICU
Transcribing agency CGU
Modifying agency BD-DhUET
082 0# - DEWEY DECIMAL CLASSIFICATION NUMBER
Classification number 516.83
Item number ALI/1993
100 ## - MAIN ENTRY--PERSONAL NAME
Personal name Ali Ashraf, Md.
245 10 - TITLE STATEMENT
Title Vector analysis with applications
250 ## - EDITION STATEMENT
Edition statement 3rd ed.
260 ## - PUBLICATION, DISTRIBUTION, ETC. (IMPRINT)
Place of publication, distribution, etc. New Delhi
Name of publisher, distributor, etc. Wiley Eastern
Date of publication, distribution, etc. 1993
300 ## - PHYSICAL DESCRIPTION
Extent xv,308p.
Other physical details ill.
Dimensions 23 cm.
504 ## - BIBLIOGRAPHY, ETC. NOTE
Bibliography, etc Includes bibliographies
650 #0 - SUBJECT ADDED ENTRY--TOPICAL TERM
Topical term or geographic name as entry element Vector analysis
942 ## - ADDED ENTRY ELEMENTS (KOHA)
Koha item type General Book
Holdings
Koha issues (times borrowed) Damaged status Piece designation (barcode) Shelving location Koha full call number Koha date last borrowed Source of classification or shelving scheme Withdrawn status Koha out on loan Price effective from Koha date last seen Sublocation or collection (holding branch) Copy number Koha item type Not for loan Date acquired Lost status Koha normalized classification for sorting Location (home branch) Koha renewals
3 87531Circulation section516.83/ALI/19932022-12-13  2022-12-272014-11-292022-12-13Central Library, BUET8General Book 2014-11-29 516_830000000000000_ALI_1993Central Library, BUET 
13 87528Circulation section516.83/ALI/19982025-04-29   2014-12-212025-05-13Central Library, BUET2General Book 2014-12-21 516_830000000000000_ALI_1998Central Library, BUET1
  87530Circulation section516.83/ALI/1998    2015-01-272016-04-02Central Library, BUET3General Book 2015-01-27 516_830000000000000_ALI_1998Central Library, BUET 
6 48783Circulation section516.83/ALI/19982022-12-13   2015-01-312025-11-30Central Library, BUET4General Book 2015-01-31 516_830000000000000_ALI_1998Central Library, BUET 
5 94102Circulation section516.83/ALI/19982020-01-05   2015-02-112020-11-03Central Library, BUET1General Book 2015-02-11 516_830000000000000_ALI_1998Central Library, BUET 
8 87525Circulation section516.83/ALI/19932024-04-02   2015-04-112025-11-18Central Library, BUET7General Book 2015-04-11 516_830000000000000_ALI_1993Central Library, BUET 
6 87526Circulation section516.83/ALI/19932023-09-27   2015-04-232025-11-29Central Library, BUET6General Book 2015-04-23 516_830000000000000_ALI_1993Central Library, BUET 
2 87529Circulation section516.83/ALI/19932022-03-30   2015-05-032022-05-25Central Library, BUET7General Book 2015-05-03 516_830000000000000_ALI_1993Central Library, BUET 
  87550Reading section516.83/ALI/1993    2015-06-072015-06-07Central Library, BUET9Reading Item 2015-06-07 516_830000000000000_ALI_1993Central Library, BUET 
  92374Reading section516.83/ALI/1993    2015-06-072015-06-07Central Library, BUET10Reading Item 2015-06-07 516_830000000000000_ALI_1993Central Library, BUET 
  94100Reading section516.83/ALI/1993    2015-06-082015-06-08Central Library, BUET12Reading Item 2015-06-08 516_830000000000000_ALI_1993Central Library, BUET 
  87551Reading section516.83/ALI/1993    2015-06-142015-06-14Central Library, BUET13Reading Item 2015-06-14 516_830000000000000_ALI_1993Central Library, BUET 
  87527Circulation section516.83/ALI/1993    2015-09-022017-03-04Central Library, BUET14General Book 2015-09-02 516_830000000000000_ALI_1993Central Library, BUET